Cities With One Million People by Letter - Q - Statistics

General Stats
  • This quiz has been taken 860 times
  • The average score is 4 of 8
Answers on the Map
Answers color-coded by a green-red scale on the quiz's map according to % correct below.
 
Answer Stats
City % Correct
Quito
99%
Qingdao
72%
Qom
62%
Quetta
49%
Querétaro
37%
Qiqihar
26%
Qinhuangdao
15%
Qingyuan
13%
No matching quizzes found
Score Distribution
Percent of People with Each Score
Percentile by Number Answered
Your Score History
You have not taken this quiz